| 000 | 01120nam a22003497a 4500 | ||
|---|---|---|---|
| 001 | BR2016004548 | ||
| 003 | BR-BrBNA | ||
| 005 | 20230928105007.0 | ||
| 007 | ta | ||
| 008 | 230509b bl.||||| |||| 00| 0 por d | ||
| 040 |
_aBR-BrBNA _bpor _cBiblioteca Nacional de Agricultura |
||
| 041 | _a(Por) | ||
| 072 | _aM40 | ||
| 090 | _ M40 BR2016004548 | ||
| 100 | 1 | _aGasalla, M. de los A. | |
| 100 | 1 | _aVelasco, G. | |
| 100 | 1 | _aRossi-Wongtschowski, C.L. Del B. | |
| 100 | 1 | _aHaimovici, M. | |
| 100 | 1 | _aMadureira, L.S.P.M. | |
| 110 | 1 |
_aInstituto Oceanográfico da Universidade de São Paulo, SP (Brasil) _96550 |
|
| 245 | 1 |
_aModelo de equilíbrio de biomassas do ecossistema marinho da Região Sudeste-Sul do Brasil entre 100-1000 m de profundidade _bSérie Documentos Revizee-Score Sul |
|
| 260 | 3 |
_aSão Paulo, SP (Brasil): _c2007. |
|
| 300 | _a56 p. | ||
| 500 | _aBibliography p. 45-53; Summaries (Eng, Por); | ||
| 650 | _aBIODIVERSIDADE | ||
| 650 | _aBIOMASSA | ||
| 650 | _aECOSSISTEMA | ||
| 650 | _aECOLOGIA | ||
| 650 | _aPEIXE MARINHO | ||
| 909 |
_a202309 _bLucia _c55 _dLucia Elande |
||
| 942 | _cBK | ||
| 999 |
_c82834 _d82834 |
||